Rural Development Policy in Italy: The Impact of Growth-Oriented Measures on Farm Outcomes

Opatrenia EÚ zamerané na rast v oblasti rozvoja vidieka s cieľom splniť požiadavky Lisabonskej stratégie. Vplyv na výkonnostné premenné fariem. Prístup podmieneného rozdielu rozdielov v talianskom prieskume FADN v rokoch 2003-2007.

Uložené v:
Podrobná bibliografia
Hlavný autor: Salvioni, Cristina
Ďalší autori: Sciulli, Dario
Médium: Kapitola
Jazyk:English
Predmet:
Tagy: Pridať tag
Žiadne tagy, Buďte prvý, kto otaguje tento záznam!

MARC

LEADER 00000naa a2200000 4500
001 0242871
005 20221104110305.9
041 0 |a eng 
044 |a CZ 
245 1 0 |a Rural Development Policy in Italy: The Impact of Growth-Oriented Measures on Farm Outcomes  |c Cristina Salvioni, Dario Sciulli 
520 |a Opatrenia EÚ zamerané na rast v oblasti rozvoja vidieka s cieľom splniť požiadavky Lisabonskej stratégie. Vplyv na výkonnostné premenné fariem. Prístup podmieneného rozdielu rozdielov v talianskom prieskume FADN v rokoch 2003-2007. 
610 2 0 |a Taliansko 
610 2 0 |a rozvoj vidieka 
610 2 0 |a podpora štátna 
610 2 0 |a stratégia hospodárska 
610 2 0 |a riadenie regionálne 
610 2 0 |a zmluvy medzinárodné 
610 2 0 |a Európska únia 
610 2 0 |a farmy 
100 1 |a Salvioni, Cristina 
700 1 |a Sciulli, Dario